Estudios latinoamericanos sobre cultura y transformaciones sociales en tiempos de globalización /
Guardado en:
| Hovedforfatter: | |
|---|---|
| Autores Corporativos: | , |
| Andre forfattere: | |
| Format: | Texto |
| Udgivet: |
Caracas:
CLACSO
|
| Fag: | |
| Tags: |
Tilføj Tag
Ingen Tags, Vær først til at tagge denne postø!
|
MARC
| LEADER | 00000 a a2200000 04500 | ||
|---|---|---|---|
| 001 | 27268 | ||
| 003 | |||
| 040 | |||
| 090 | |a 184204 | ||
| 100 | |a Mato, Daniel | ||
| 110 | |a CLACSO. Grupo de Trabajo Cultura y Transformaciones Sociales en Tiempo de Globalización | ||
| 245 | |a Estudios latinoamericanos sobre cultura y transformaciones sociales en tiempos de globalización / |c CLACSO. Grupo de Trabajo Cultura y Transformaciones Sociales en Tiempo de Globalización | ||
| 260 | |a Caracas: |b CLACSO | ||
| 300 | |a 267 p | ||
| 500 | |a Disponible en Cd. en No. 194107 | ||
| 650 | |a INTERNET | ||
| 650 | |a DEMOCRACIA | ||
| 700 | |a comp | ||
| 710 | |a UNESCO |a ASDI |a CEAP |a CONICIT |a CIPOST | ||
| 999 | |c 16890 |d 16890 | ||
